000 00779nam a2200253Ia 4500
003 OSt
005 20221005070817.0
006 a|||||r|||| 00| 0
007 ta
008 221004b |||||||| |||| 00| 0 urd d
020 _cINR 150.00
024 _a65159
037 _b2405, 29/02/2020, M.R.Publications
_cTextual
040 _aCRL
_cCRL
_burd
041 _2urd
_aurd
082 _aO168,1M76:g, Q1
100 _aMubarakpuri Shareef Ahmad Au.
_9605976
245 0 _aSher-o-adab ke fikri zaviye
260 _aNew Delhi
_bAl-balagh publications India
_c2011
300 _a142p.
_ccm.
650 _aURDU POETRY
942 _hO168,1M76:g, Q1
_cTEXL
_2cc
999 _c976838
_d976838